| 000 | 01192nam a2200265Ia 4500 | ||
|---|---|---|---|
| 003 | OSt | ||
| 005 | 20221005105425.0 | ||
| 006 | a|||||r|||| 00| 0 | ||
| 007 | ta | ||
| 008 | 221004b |||||||| |||| 00| 0 hin d | ||
| 020 |
_a9789354090424 (hbk) _cINR 445.00 |
||
| 024 | _a68364 | ||
| 037 |
_b1857, 04/03/2021, Bright Book Service _cTextual |
||
| 040 |
_aCRL _cCRL _bhin |
||
| 041 |
_2hin _ahin |
||
| 082 | _aV2,1y7N45, 152R0 | ||
| 100 |
_aकोविन्द, राम नाथ, ले. _9169262 |
||
| 245 | 0 |
_aलोकतंत्र के स्वर _b भारत के राष्ट्रपति राम नाथ कोविन्द के प्रमुख भाड्ढण |
|
| 246 | _aLokatantra ke svara: bhārat ke rāṣhṭrapati rām nāth kovinda ke pramukh bhāḍḍhaṇa | ||
| 260 |
_aनई दिल्ली _bप्रकाशन विभाग भारत _c2020 |
||
| 300 |
_a266पृ0 _ccm. |
||
| 650 |
_aभारत-इतिहास _9156353 |
||
| 942 |
_hV2,1y7N45, 152R0 _cTEXL _2cc |
||
| 999 |
_c1015773 _d1015773 |
||